000 00207 a2200097 4500
001 43381
100 _aDean
245 _aElizabethan drama
260 _aNew Jersey
_bPrentice-Hall
_c
090 _c27212
_d27212
942 _aNUST-CAE
_cM
_c19128
999 _c278454
_d278454